| 000 -LEADER |
| fixed length control field |
00830nam a22001697a 4500 |
| 005 - DATE AND TIME OF LATEST TRANSACTION |
| control field |
20190612150533.0 |
| 008 - FIXED-LENGTH DATA ELEMENTS--GENERAL INFORMATION |
| fixed length control field |
190612b2019 ||||| |||| 00| 0 rus d |
| 020 ## - INTERNATIONAL STANDARD BOOK NUMBER |
| Qualifying information |
2224-0713 |
| 245 ## - TITLE STATEMENT |
| Title |
Международний Неврологический Журнал : |
| Remainder of title |
2018 № 5 (99) International Neurological Journal / |
| Statement of responsibility, etc. |
Глав: Ред: Станислав Эвтушенко. |
| 260 ## - PUBLICATION, DISTRIBUTION, ETC. |
| Place of publication, distribution, etc. |
Донецьк : |
| Name of publisher, distributor, etc. |
Заславскии, |
| Date of publication, distribution, etc. |
2018. |
| 300 ## - PHYSICAL DESCRIPTION |
| Extent |
V. |
| 653 ## - INDEX TERM--UNCONTROLLED |
| Uncontrolled term |
პერიოდიკა |
| 653 ## - INDEX TERM--UNCONTROLLED |
| Uncontrolled term |
საერთაშორისო ნევროლოგიური ჟურნალი |
| 653 ## - INDEX TERM--UNCONTROLLED |
| Uncontrolled term |
Международний Неврологический Журнал |
| 700 ## - ADDED ENTRY--PERSONAL NAME |
| Personal name |
Эвтушенко Станислав |
| Relator term |
მთავარი რედაქტორი |
| 9 (RLIN) |
2452 |
| 942 ## - ADDED ENTRY ELEMENTS (KOHA) |
| Source of classification or shelving scheme |
|
| Koha item type |
პერიოდიკა |